000 00306nam a22001337a 4500
020 _a0-521-54770-9
082 _a425
_bHAN/E
100 _aHANCOCK,MARK
245 _aENGLISH PRONOUNCIATION IN USE
260 _aUK
_bCAMBRIDGE UNIVERSITY
300 _a200
650 _aENGISH PRONUNCIATION
_zUK
942 _cBK
999 _c3762
_d3762